Technický naučný slovník

Gespeichert in:
Bibliographische Detailangaben
Weitere Verfasser: Korbář, Tomáš, Stránsky, Antonin
Format: Buch
Sprache:Tschechisch
Veröffentlicht: Praha Státní nakladatelství technické literatury 1963
Tags: Tag hinzufügen
Keine Tags, Fügen Sie das erste Tag hinzu!

MARC

LEADER 00000nam a2200000 4500
001 c123204
005 20041019155227.6
041 0 |a cze 
044 |a CZ 
245 1 0 |a Technický naučný slovník  |c Red. Tomáš Korbář, Antonin Stránsky 
264 1 |a Praha  |b Státní nakladatelství technické literatury  |c 1963 
300 |a 674 s. 
700 1 |a Korbář, Tomáš 
700 1 |a Stránsky, Antonin